| 000 | 00964nas a2200313 4500 | ||
|---|---|---|---|
| 001 | BR2010005200 | ||
| 003 | BR-BrBNA | ||
| 005 | 20231205114727.0 | ||
| 007 | ta | ||
| 008 | 230509b bl.|||p| |||| 00| 00por d | ||
| 040 |
_aBR-BrBNA _bpor _cBiblioteca Nacional de Agricultura |
||
| 041 | _a(Pt) | ||
| 072 | _aQ03 | ||
| 100 | 1 | _aChesca, A.C. | |
| 100 | 1 | _aPolicarpo, A.C. de F. | |
| 100 | 1 | _aSilveira, M. da | |
| 100 | 1 | _aD'Angelis, C.E.M. | |
| 245 | 1 | _aEscherichia coli O157H7, listeria monocytogenes e salmonella SP: investigação em carne bovina tipo exportação | |
| 650 | _aCARNE | ||
| 650 | _aBOVINO | ||
| 650 | _aSALMONELLA | ||
| 650 | _aESCHERICHIA COLI | ||
| 650 | _aLISTERIA MONOCYTOGENES | ||
| 650 | _aRASTREAMENTO | ||
| 650 | _aSAÚDE PÚBLICA | ||
| 773 | 0 |
_tHigiene Alimentar (Brazil) _xISSN 0101-9171 _g(May-Jun 2010), v. 24(184-185) p. 133-142 _wBR2010005200 |
|
| 909 |
_a202311 _bLúcia _c55 _dLúcia Elande |
||
| 942 |
_2AGRIS _n0 _cANA |
||
| 999 |
_c210181 _d210181 |
||